000 00460nam a2200205Ia 4500
005 20250425161637.0
008 250425s9999 xx 000 0 und d
020 _a8425202752
041 _aspa
082 _a621.75
100 _aFORD, HENRY
245 0 _aTEORIA DEL TALLER
250 _a5A ED.
260 _aBARCELONA
260 _aEspaƱa
_bGUSTAVO GILI
_c1975
300 _a575
650 _aTALLERES MECANICOS
942 _c01
010 _a24899
999 _c213184
_d213184